[Event "Open adultes Yves Coquereau Saint-Lô"]
[Site "?"]
[Date "2013.07.07"]
[Round "1.1"]
[White "Burg, Brent"]
[Black "Pasquero, Jeremy"]
[Result "1-0"]
[WhiteElo "2205"]
[BlackElo "1666"]
[PlyCount "63"]
[SourceDate "2013.07.07"]

1. e4 e5 2. Nf3 Nc6 3. Bb5 Nf6 4. d3 d6 5. c3 Bd7 6. O-O Be7 7. Re1 a6 8. Ba4
b5 9. Bc2 Bg4 10. h3 Bh5 11. Nbd2 O-O 12. Nf1 Nd7 13. Ng3 Bg6 14. d4 f6 15. Nh4
Qe8 16. Nhf5 Bd8 17. Bb3+ Bf7 18. Qg4 g5 19. Nh6+ Kg7 20. Bxf7 Rxf7 21. Nxf7
Qxf7 22. d5 Na5 23. h4 h6 24. Re3 Nf8 25. hxg5 hxg5 26. Nf5+ Kh8 27. Rh3+ Nh7
28. Nh6 Qe8 29. Qf5 c5 30. Bxg5 Nxg5 31. Nf7+ Kg7 32. Nxg5 1-0

[Event "Open adultes Yves Coquereau Saint-Lô"]
[Site "?"]
[Date "2013.07.07"]
[Round "1.2"]
[White "Bosse, Yoann"]
[Black "Amoyal, Pierre"]
[Result "0-1"]
[WhiteElo "1632"]
[BlackElo "2136"]
[PlyCount "108"]
[SourceDate "2013.07.07"]

1. d4 Nf6 2. Nf3 g6 3. e3 Bg7 4. Nbd2 O-O 5. Bd3 d6 6. O-O Nc6 7. c3 e5 8. dxe5
dxe5 9. Bc2 Qe7 10. e4 Bg4 11. h3 Be6 12. Bb3 Rad8 13. Qe2 Nh5 14. Bxe6 Qxe6
15. Qc4 Nf4 16. Qxe6 fxe6 17. Kh2 Rd3 18. Nb3 Nxg2 19. Kxg2 Rdxf3 20. Nc5 R3f7
21. Nxe6 Re8 22. Nxg7 Kxg7 23. Be3 Rd7 24. Rfd1 Red8 25. Rxd7+ Rxd7 26. Kf1 h6
27. Ke2 g5 28. h4 Kf6 29. hxg5+ hxg5 30. Rg1 Rg7 31. Kf3 Nd8 32. Rh1 Nf7 33.
Rg1 b6 34. b3 Rh7 35. a4 Rh8 36. Rg4 Rh1 37. Ke2 Rb1 38. Kd3 Rxb3 39. a5 Ra3
40. axb6 axb6 41. Kc2 Ra4 42. Kb3 b5 43. f3 Ra1 44. c4 Rb1+ 45. Kc3 b4+ 46. Kc2
Ra1 47. Rg3 Ra3 48. Bd2 c5 49. Kb2 Nd6 50. Bxg5+ Ke6 51. Bh4 Nxc4+ 52. Kc1 b3
53. Rg6+ Kf7 54. Rf6+ Kg7 0-1

[Event "Open adultes Yves Coquereau Saint-Lô"]
[Site "?"]
[Date "2013.07.07"]
[Round "1.3"]
[White "Chaplain, Fabrice"]
[Black "Letourneur, Michel"]
[Result "1-0"]
[WhiteElo "2115"]
[BlackElo "1601"]
[PlyCount "57"]
[SourceDate "2013.07.07"]

1. e4 b6 2. d4 Bb7 3. Nc3 e6 4. a3 c5 5. Nf3 cxd4 6. Nxd4 Nf6 7. Bd3 Nc6 8. Nf3
d5 9. O-O dxe4 10. Nxe4 Nxe4 11. Bxe4 Qxd1 12. Rxd1 Na5 13. Bd3 Be7 14. Bb5+
Bc6 15. Be2 Bf6 16. Nd4 Bxd4 17. Rxd4 Rd8 18. Rg4 g6 19. Bg5 Rd5 20. b4 Nb7 21.
b5 Rxb5 22. Bxb5 Bxb5 23. a4 Bd7 24. Rd4 f5 25. a5 h6 26. axb6 a5 27. Bf6 Rh7
28. Rc4 Bc8 29. Rxc8+ 1-0

[Event "Open adultes Yves Coquereau Saint-Lô"]
[Site "?"]
[Date "2013.07.07"]
[Round "1.4"]
[White "Foucher, Grégory"]
[Black "Lepigoche, Cyril"]
[Result "1-0"]
[WhiteElo "1597"]
[BlackElo "2113"]
[PlyCount "77"]
[SourceDate "2013.07.07"]

1. d4 d5 2. c4 c6 3. Nc3 Nf6 4. Nf3 g6 5. Bg5 Bg7 6. e3 O-O 7. cxd5 Nxd5 8.
Nxd5 cxd5 9. Be2 Nc6 10. O-O Be6 11. Rc1 a6 12. Qb3 Qd7 13. Bf4 f6 14. Qb6 Rfc8
15. Nd2 Bf7 16. Nb3 e5 17. dxe5 fxe5 18. Bg3 Qc7 19. Qc5 b6 20. Qc2 Qd7 21. h3
Be6 22. Qd2 Ne7 23. Rxc8+ Nxc8 24. Qc3 Qd6 25. Rc1 a5 26. Nd2 a4 27. Nf3 d4 28.
exd4 exd4 29. Qxc8+ Qd8 30. Qxe6+ Kh8 31. Be5 d3 32. Bxg7+ Kxg7 33. Bd1 a3 34.
bxa3 Qf8 35. Qxb6 Re8 36. Qd4+ Kh6 37. Qh4+ Kg7 38. Rc7+ Kh8 39. Qxh7# 1-0

[Event "Open adultes Yves Coquereau Saint-Lô"]
[Site "?"]
[Date "2013.07.07"]
[Round "1.5"]
[White "Smith, Matthieu"]
[Black "Hereus, Daniel"]
[Result "1-0"]
[WhiteElo "2103"]
[BlackElo "1539"]
[PlyCount "65"]
[SourceDate "2013.07.07"]

1. d4 Nf6 2. Nf3 g6 3. g3 Bg7 4. Bg2 O-O 5. O-O d6 6. c4 Nc6 7. Nc3 e5 8. d5
Ne7 9. e4 Nh5 10. Ne1 f5 11. exf5 Nf6 12. fxg6 Nxg6 13. Bg5 h6 14. Bd2 Bd7 15.
Qc2 Be8 16. Ne4 c6 17. Rd1 Kh8 18. Nxf6 Rxf6 19. Be4 Ne7 20. Ng2 cxd5 21. cxd5
Rc8 22. Bc3 Bg6 23. Ne3 h5 24. Bxg6 Rxg6 25. Qe4 Bh6 26. Nf5 Rg4 27. Qb1 Nxf5
28. Qxf5 Rg5 29. Qe6 Qf8 30. f4 Rg4 31. fxe5 Be3+ 32. Kg2 Qd8 33. exd6+ 1-0

[Event "Open adultes Yves Coquereau Saint-Lô"]
[Site "?"]
[Date "2013.07.08"]
[Round "2.1"]
[White "Benard, Anne-Laurie"]
[Black "Burg, Brent"]
[Result "0-1"]
[WhiteElo "1925"]
[BlackElo "2205"]
[PlyCount "72"]
[SourceDate "2013.07.07"]

1. e4 d6 2. d4 Nf6 3. Nc3 Nbd7 4. Nf3 e5 5. Bc4 Be7 6. O-O O-O 7. h3 c6 8. Re1
b5 9. Bf1 Qc7 10. Bg5 b4 11. Ne2 h6 12. Bxf6 Nxf6 13. Ng3 a5 14. Qd2 Be6 15. a3
Rab8 16. Nh4 Rfe8 17. Nhf5 Bf8 18. Re3 g6 19. Nh4 exd4 20. Qxd4 Bg7 21. Qd2 Nd7
22. axb4 axb4 23. c3 bxc3 24. bxc3 Nc5 25. Rd1 Be5 26. Ne2 Bb3 27. Rb1 Bf6 28.
Nf3 Nxe4 29. Rxe4 Rxe4 30. Rxb3 Rxb3 31. Qc2 Rxe2 32. Qxe2 Rxc3 33. Nh2 Qe7 34.
Qd2 Bg7 35. Ng4 h5 36. Nh6+ Kh7 0-1

[Event "Open adultes Yves Coquereau Saint-Lô"]
[Site "?"]
[Date "2013.07.08"]
[Round "2.2"]
[White "Amoyal, Pierre"]
[Black "Georgescu, Gabriel-Ioan"]
[Result "1/2-1/2"]
[WhiteElo "2136"]
[BlackElo "1928"]
[PlyCount "135"]
[SourceDate "2013.07.07"]

1. d4 Nf6 2. c4 g6 3. Nc3 Bg7 4. e4 d6 5. Nf3 O-O 6. Be2 e5 7. O-O Nc6 8. d5
Ne7 9. Ne1 Nd7 10. Nd3 f5 11. Bd2 f4 12. Rc1 g5 13. c5 a6 14. cxd6 cxd6 15. Bg4
Rf6 16. a4 Nf8 17. b4 Bd7 18. a5 Rc8 19. Na4 Rxc1 20. Bxc1 Bxg4 21. Qxg4 Qd7
22. Qxd7 Nxd7 23. Ndb2 Nc8 24. Nc4 Na7 25. Bb2 Nb5 26. Rc1 f3 27. g3 Rf8 28.
Ne3 Nf6 29. Rc4 Rf7 30. Nf5 Bf8 31. Bc1 Rc7 32. Rxc7 Nxc7 33. Nc3 Nb5 34. Nxb5
axb5 35. Bxg5 Nxe4 36. Be3 Nc3 37. Bd2 Nxd5 38. Nh4 e4 39. Nf5 Kf7 40. g4 Nc7
41. Bf4 Ke6 42. Kf1 Kd7 43. h4 d5 44. Bd2 Na6 45. Nd4 Bxb4 46. Bxb4 Nxb4 47.
Nxb5 Nc6 48. g5 Ke6 49. Nc7+ Ke5 50. h5 d4 51. Ne8 e3 52. fxe3 dxe3 53. g6 h6
54. Nc7 e2+ 55. Kf2 Kf6 56. Nd5+ Kg7 57. Nc7 Ne5 58. Ne6+ Kg8 59. Nf4 Ng4+ 60.
Ke1 Ne3 61. Nd3 Ng4 62. Nf4 Ne3 63. Nd3 Kg7 64. Kf2 Nc2 65. Ne1 Nd4 66. Nd3 Kf6
67. Ne1 Kg7 68. Nd3 1/2-1/2

[Event "Open adultes Yves Coquereau Saint-Lô"]
[Site "?"]
[Date "2013.07.08"]
[Round "2.3"]
[White "Renault, Jean Pierre"]
[Black "Chaplain, Fabrice"]
[Result "0-1"]
[WhiteElo "1801"]
[BlackElo "2115"]
[PlyCount "164"]
[SourceDate "2013.07.07"]

1. c4 Nf6 2. g3 g6 3. Nc3 Bg7 4. Bg2 O-O 5. d3 d6 6. Bg5 h6 7. Bxf6 Bxf6 8. Qd2
Bg7 9. e3 Nc6 10. Nge2 e5 11. O-O f5 12. Rab1 Ne7 13. d4 c6 14. dxe5 dxe5 15.
Rfd1 Be6 16. b3 Qe8 17. Qd6 Qf7 18. Qc7 Rab8 19. Rd2 g5 20. f4 Rfc8 21. Qa5 Ng6
22. fxg5 hxg5 23. Rf1 Qe7 24. c5 g4 25. e4 Bh6 26. Rd3 f4 27. gxf4 exf4 28. Nd4
Ne5 29. Rdd1 f3 30. Nxe6 Be3+ 31. Kh1 fxg2+ 32. Kxg2 Qxe6 33. Rd6 Qe7 34. Nd1
b6 35. Qc3 Bxc5 36. Rh6 Rf8 37. Rf5 Rxf5 38. exf5 Qg7 39. Re6 Nf7 40. Rg6 Qxg6
41. fxg6 Nh6 42. Nf2 Rf8 43. Ne4 Be7 44. Qxc6 Nf5 45. Qe6+ Kg7 46. Nf2 Rf6 47.
Qe5 Bd6 48. Qc3 Nh4+ 49. Kh1 Kxg6 50. Qd3+ Kg7 51. Nxg4 Re6 52. Ne3 Kf8 53.
Qf1+ Ke8 54. Qh3 Re4 55. Qc8+ Kf7 56. Qd7+ Be7 57. Qd5+ Re6 58. Qh5+ Kg8 59.
Qg4+ Rg6 60. Qe4 Kf7 61. b4 Re6 62. Qf4+ Rf6 63. Qc4+ Re6 64. a3 Bg5 65. Nc2
Kf6 66. Qc3+ Kg6 67. Qd3+ Kh6 68. Kg1 Rf6 69. Ne1 Re6 70. Qc3 Rxe1+ 71. Kf2 Re7
72. Qh8+ Kg6 73. Qg8+ Kf5 74. Qf8+ Kg4 75. Qc8+ Nf5 76. Qc4+ Bf4 77. Qd3 Re3
78. Qd1+ Kh4 79. Qd8+ Bg5 80. Qd5 Kg4 81. Qg2+ Kf4 82. h3 Bh4+ 0-1

[Event "Open adultes Yves Coquereau Saint-Lô"]
[Site "?"]
[Date "2013.07.08"]
[Round "2.4"]
[White "Jaminion, Maximilien"]
[Black "Smith, Matthieu"]
[Result "0-1"]
[WhiteElo "1797"]
[BlackElo "2103"]
[PlyCount "84"]
[SourceDate "2013.07.07"]

1. e4 d6 2. d4 Nf6 3. Nc3 e5 4. dxe5 dxe5 5. Qxd8+ Kxd8 6. Bg5 Be6 7. O-O-O+
Nbd7 8. Nf3 Kc8 9. a3 a6 10. Bh4 h6 11. Nd2 b5 12. f3 Bc5 13. Nb3 Bxb3 14. cxb3
g5 15. Be1 Kb7 16. h4 Be3+ 17. Kc2 c6 18. b4 gxh4 19. Bxh4 Bg5 20. Bf2 h5 21.
g3 Nf8 22. Bh3 Ng6 23. Rd6 Rad8 24. Rhd1 Rxd6 25. Rxd6 Kc7 26. Bc5 h4 27. gxh4
Rxh4 28. Bf5 Rh2+ 29. Kb3 Nh4 30. Rd3 Nxf5 31. exf5 Bc1 32. Bd6+ Kb7 33. Nd1
Nd7 34. Be7 Nb6 35. Bf6 Nc4 36. Rd7+ Kc8 37. Rxf7 Rd2 38. Rf8+ Kc7 39. Bg5 Rxd1
40. Bxc1 Rxc1 41. f6 Rf1 42. f7 Rxf3+ 0-1

[Event "Open adultes Yves Coquereau de Saint-Lô"]
[Site "?"]
[Date "2013.07.08"]
[Round "2.5"]
[White "Marie, Guillaume"]
[Black "Busson, Didier"]
[Result "1-0"]
[WhiteElo "2088"]
[BlackElo "1814"]
[PlyCount "69"]
[SourceDate "2013.07.07"]

1. c4 Nf6 2. g3 g6 3. Bg2 Bg7 4. e3 d6 5. Ne2 c6 6. Nbc3 Qc7 7. O-O h5 8. h3
Be6 9. d3 Na6 10. Rb1 Qd7 11. Nf4 Nc7 12. e4 g5 13. Nxe6 Nxe6 14. Be3 g4 15. h4
Qc7 16. d4 Nd7 17. Qd2 a6 18. Rfc1 Nef8 19. b4 Ng6 20. Ne2 e5 21. c5 dxc5 22.
bxc5 O-O 23. d5 Kh7 24. Rd1 cxd5 25. Qxd5 Nf6 26. Qxb7 Qa5 27. Qb2 Rfc8 28. Qd2
Qc7 29. Nc3 Bf8 30. Nd5 Nxd5 31. exd5 Qd7 32. d6 Rab8 33. Rxb8 Rxb8 34. c6 Qf5
35. c7 1-0

[Event "Open adultes Yves Coquereau Saint-Lô"]
[Site "?"]
[Date "2013.07.08"]
[Round "3.1"]
[White "Burg, Brent"]
[Black "Ledoux, Jean-Luc"]
[Result "1-0"]
[WhiteElo "2205"]
[BlackElo "2055"]
[PlyCount "55"]
[SourceDate "2013.07.07"]

1. b4 Nf6 2. Bb2 d5 3. e3 Bg4 4. Be2 Bxe2 5. Qxe2 c6 6. Nf3 e6 7. a3 Nbd7 8.
O-O Qc7 9. c4 Ng4 10. cxd5 Bd6 11. h3 h5 12. dxc6 bxc6 13. Nc3 Nde5 14. Nxe5
Bxe5 15. f4 Bxc3 16. Bxc3 Nf6 17. Rac1 Ne4 18. Qf3 f5 19. d3 Nxc3 20. Rxc3 Rc8
21. Rfc1 Kd7 22. Qg3 g5 23. Qxg5 Rhg8 24. Qxh5 Qb6 25. Qf7+ Kd6 26. Rc5 Qa6 27.
R1c4 Qxa3 28. Rd4# 1-0

[Event "Open adultes Yves Coquereau de Saint-Lô"]
[Site "?"]
[Date "2013.07.08"]
[Round "3.2"]
[White "Chaplain, Fabrice"]
[Black "Guerlach, Frédéric"]
[Result "1-0"]
[WhiteElo "2115"]
[BlackElo "2040"]
[PlyCount "69"]
[SourceDate "2013.07.07"]

1. c4 e6 2. Nc3 d5 3. b3 Nf6 4. e3 c5 5. d3 Nc6 6. Nf3 d4 7. Ne2 dxe3 8. fxe3
e5 9. Nc3 Bg4 10. Be2 Qd7 11. O-O Rd8 12. a3 Bxf3 13. Rxf3 e4 14. Rxf6 gxf6 15.
Nxe4 Be7 16. Bb2 Qe6 17. Bg4 f5 18. Bxf5 Qxf5 19. Bxh8 Qxe4 20. dxe4 Rxd1+ 21.
Rxd1 f6 22. Bg7 Kf7 23. Bh6 Ke6 24. Bf4 a6 25. Kf2 b5 26. Ke2 Na5 27. cxb5 axb5
28. a4 bxa4 29. bxa4 Nc4 30. Bc7 Nb2 31. Ra1 c4 32. a5 Bc5 33. Bb6 Nd3 34. Bxc5
Nxc5 35. a6 1-0

[Event "Open adultes Yves Coquereau Saint-Lô"]
[Site "?"]
[Date "2013.07.08"]
[Round "3.3"]
[White "Smith, Matthieu"]
[Black "Gallon, Willy"]
[Result "1/2-1/2"]
[WhiteElo "2103"]
[BlackElo "2027"]
[PlyCount "80"]
[SourceDate "2013.07.07"]

1. d4 e6 2. Nf3 f5 3. g3 b6 4. Bg2 Bb7 5. O-O Nf6 6. Bg5 Be7 7. c3 O-O 8. Nbd2
Qe8 9. Qc2 Qh5 10. Bxf6 Rxf6 11. Rfe1 g5 12. Ne5 Bxg2 13. Kxg2 Rh6 14. Nf1 d6
15. Nf3 g4 16. Ng1 Qe8 17. d5 Qf7 18. dxe6 Rxe6 19. e3 Nd7 20. Ne2 h5 21. Nf4
Rh6 22. Qb3 Re8 23. Qxf7+ Kxf7 24. Nd2 Ne5 25. Nb3 c5 26. Rad1 h4 27. Nc1 Reh8
28. Rh1 Nf3 29. Nd5 hxg3 30. hxg3 Rh2+ 31. Rxh2 Rxh2+ 32. Kf1 Ng5 33. Kg1 Nf3+
34. Kf1 Ng5 35. Kg1 Nf3+ 36. Kf1 Ng5 37. Kg1 Nf3+ 38. Kf1 Ng5 39. Kg1 Nf3+ 40.
Kf1 Ng5 1/2-1/2

[Event "Open adultes Yves Coquereau Saint-Lô"]
[Site "?"]
[Date "2013.07.08"]
[Round "3.4"]
[White "Bakalerz, Grazyna"]
[Black "Marie, Guillaume"]
[Result "1/2-1/2"]
[WhiteElo "1993"]
[BlackElo "2088"]
[PlyCount "42"]
[SourceDate "2013.07.07"]

1. d4 Nf6 2. Bf4 g6 3. e3 Bg7 4. Be2 d6 5. h3 O-O 6. Nf3 Nfd7 7. O-O Nc6 8. c4
e5 9. Bh2 b6 10. Nc3 Bb7 11. Rc1 h6 12. dxe5 Ndxe5 13. Nxe5 Nxe5 14. b4 a5 15.
b5 f5 16. Nd5 Nd7 17. Bf3 Ne5 18. Nf6+ Qxf6 19. Bxb7 Rae8 20. Qd5+ Kh7 21. Rfd1
Re7 1/2-1/2

[Event "Open adultes Yves Coquereau Saint-Lô"]
[Site "?"]
[Date "2013.07.08"]
[Round "3.5"]
[White "Veron, Cyprien"]
[Black "Montcuit, Guillaume"]
[Result "1/2-1/2"]
[WhiteElo "2076"]
[BlackElo "1980"]
[PlyCount "41"]
[SourceDate "2013.07.07"]

1. Nf3 f5 2. d3 Nf6 3. Nc3 e6 4. e4 d6 5. exf5 exf5 6. d4 Nc6 7. d5 Ne5 8. Be2
Nxf3+ 9. Bxf3 Qe7+ 10. Qe2 Qxe2+ 11. Bxe2 a6 12. O-O g6 13. Re1 Kf7 14. Bd2 Bg7
15. Bf3 Bd7 16. Re2 Rhe8 17. Rae1 Rxe2 18. Rxe2 Re8 19. Rxe8 Nxe8 20. Kf1 c5
21. dxc6 1/2-1/2

[Event "Open adultes Yves Coquereau Saint-Lô"]
[Site "?"]
[Date "2013.07.09"]
[Round "4.5"]
[White "Gallon, Willy"]
[Black "Ledoux, Jean-Luc"]
[Result "0-1"]
[WhiteElo "2027"]
[BlackElo "2055"]
[PlyCount "86"]
[SourceDate "2013.07.07"]

1. e4 c6 2. d4 d5 3. f3 dxe4 4. fxe4 e5 5. Nf3 Bg4 6. Bc4 Nd7 7. O-O Ngf6 8. c3
Bd6 9. Nbd2 O-O 10. Qe1 b5 11. Bb3 c5 12. d5 c4 13. Bc2 Ne8 14. Qg3 f5 15. exf5
Bxf5 16. Ne4 Bxe4 17. Bxe4 Qb6+ 18. Kh1 Nef6 19. Bh6 Rf7 20. Bf5 e4 21. Qg5
exf3 22. Be6 Kh8 23. Bxf7 gxh6 24. Qd2 Rf8 25. Be6 Ne4 26. Qc2 Ndc5 27. gxf3
Ng5 28. Bf5 Bf4 29. b4 cxb3 30. axb3 Qf6 31. Bg4 a6 32. b4 Na4 33. c4 Be5 34.
Rae1 Bc3 35. Rb1 Qd6 36. Rbd1 Qg6 37. Qb3 h5 38. Bd7 Nxf3 39. c5 Qe4 40. Qb1
Qe2 41. Rxf3 Qxf3+ 42. Kg1 Qf2+ 43. Kh1 Be5 0-1

[Event "Open adultes Yves Coquereau Saint-Lô"]
[Site "?"]
[Date "2013.07.09"]
[Round "4.1"]
[White "Chaplain, Fabrice"]
[Black "Burg, Brent"]
[Result "1/2-1/2"]
[WhiteElo "2115"]
[BlackElo "2205"]
[PlyCount "40"]
[SourceDate "2013.07.07"]

1. e4 d6 2. d4 Nf6 3. Nc3 Nbd7 4. f4 e5 5. Nf3 exd4 6. Qxd4 c6 7. Be3 d5 8.
O-O-O Bc5 9. Qd2 Bxe3 10. Qxe3 Qb6 11. Qxb6 Nxb6 12. exd5 Nbxd5 13. Nxd5 Nxd5
14. Bc4 Nxf4 15. Rhe1+ Be6 16. Ng5 O-O 17. Nxe6 Nxe6 18. Bxe6 fxe6 19. Rxe6 Rf7
20. Rde1 Raf8 1/2-1/2

[Event "Open adultes Yves Coquereau Saint-Lô"]
[Site "?"]
[Date "2013.07.09"]
[Round "4.2"]
[White "Amoyal, Pierre"]
[Black "Bakalarz, Grazyna"]
[Result "1-0"]
[WhiteElo "2136"]
[BlackElo "1993"]
[PlyCount "97"]
[SourceDate "2013.07.07"]

1. d4 Nf6 2. c4 g6 3. Nc3 d5 4. cxd5 Nxd5 5. e4 Nxc3 6. bxc3 Bg7 7. Qa4+ c6 8.
Bg5 O-O 9. Qa3 Re8 10. Rd1 Qc7 11. Bd3 e5 12. Ne2 exd4 13. cxd4 Bf8 14. Qb2 c5
15. d5 Bg7 16. Bf6 Bxf6 17. Qxf6 c4 18. Bb1 Nd7 19. Qc3 b5 20. Nd4 Qc5 21. O-O
b4 22. Qg3 Ne5 23. Kh1 c3 24. f4 Nc4 25. Nb3 Qe3 26. Qg5 Ba6 27. Rfe1 Qf2 28.
f5 c2 29. Bxc2 Qxc2 30. f6 Qc3 31. Nd4 Nd6 32. Qh6 Nf5 33. Nxf5 Qxf6 34. d6 Bb5
35. Ne7+ Rxe7 36. dxe7 Qxe7 37. e5 Bc4 38. Re4 Rd8 39. Rde1 Bd5 40. R4e2 Qe6
41. Qh4 Rb8 42. Qf2 a5 43. Rd2 b3 44. Qa7 Ra8 45. Qc5 Bb7 46. axb3 Qxb3 47. Qe7
a4 48. Red1 Kg7 49. Qf6+ 1-0

[Event "Open adultes Yves Coquereau Saint-Lô"]
[Site "?"]
[Date "2013.07.09"]
[Round "4.3"]
[White "Moncuit, Guillaume"]
[Black "Smith, Matthieu"]
[Result "0-1"]
[WhiteElo "1980"]
[BlackElo "2103"]
[PlyCount "72"]
[SourceDate "2013.07.07"]

1. d4 d6 2. c4 Nf6 3. Nc3 Nbd7 4. g3 e5 5. Bg2 Be7 6. Nf3 O-O 7. O-O c6 8. b3
e4 9. Ne1 d5 10. f3 Bb4 11. Qc2 exf3 12. exf3 dxc4 13. bxc4 Nb6 14. Ne2 Be6 15.
Nd3 Bxc4 16. Bg5 Bxd3 17. Qxd3 h6 18. f4 hxg5 19. fxg5 Nfd5 20. h4 Qe7 21. Rf3
Rae8 22. Nf4 Nxf4 23. gxf4 Qe4 24. Qd1 Qe1+ 25. Qxe1 Rxe1+ 26. Rxe1 Bxe1 27.
Ra3 Ra8 28. Kf1 Bb4 29. Rb3 Bd6 30. a4 Rb8 31. a5 Nc4 32. Rd3 Bxf4 33. Kf2 Nxa5
34. Kf3 Bc7 35. Kg4 Rd8 36. Be4 Nc4 0-1

[Event "Open adultes Yves Coqereau Saint-Lô"]
[Site "?"]
[Date "2013.07.09"]
[Round "4.4"]
[White "Marie, Guillaume"]
[Black "Véron, Cyprien"]
[Result "0-1"]
[WhiteElo "2088"]
[BlackElo "2076"]
[PlyCount "69"]
[SourceDate "2013.07.07"]

1. c4 e5 2. g3 Nf6 3. Bg2 d5 4. cxd5 Nxd5 5. Nc3 Be6 6. Nf3 Nc6 7. d3 Bb4 8.
Bd2 f6 9. O-O O-O 10. a3 Be7 11. Rc1 Nxc3 12. Bxc3 a5 13. Qa4 Qd7 14. Rfd1 b5
15. Qc2 b4 16. Bd2 Ra6 17. Qa4 bxa3 18. bxa3 Rb8 19. Rb1 Rab6 20. Rxb6 Rxb6 21.
Ra1 f5 22. Qc2 Bb3 23. Qc1 e4 24. dxe4 fxe4 25. Ne1 Nd4 26. Kf1 Nxe2 27. Kxe2
Qb5+ 28. Nd3 Qxd3+ 29. Ke1 Bc4 30. Qd1 Bf6 31. Rc1 Rb2 32. Rxc4 Qxc4 33. Bf1
Qc5 34. Qa4 Rb1+ 35. Ke2 0-1

[Event "Open adultes Yves Coquereau Saint-Lô"]
[Site "?"]
[Date "2013.07.10"]
[Round "5.1"]
[White "Burg, Brent"]
[Black "Amoyal, Pierre"]
[Result "1-0"]
[WhiteElo "2205"]
[BlackElo "2136"]
[PlyCount "97"]
[SourceDate "2013.07.07"]

1. Nf3 c5 2. e4 Nc6 3. c3 Nf6 4. e5 Nd5 5. d4 cxd4 6. cxd4 e6 7. a3 d6 8. Bd3
Be7 9. O-O dxe5 10. dxe5 g5 11. Bb5 Bd7 12. Re1 h5 13. Nbd2 g4 14. Bxc6 Bxc6
15. Nd4 Qc7 16. Nxc6 Qxc6 17. Ne4 O-O-O 18. Bg5 Bxg5 19. Nxg5 Kb8 20. Rc1 Qd7
21. Qd2 h4 22. Re4 g3 23. fxg3 hxg3 24. hxg3 Rh5 25. Rh4 Rdh8 26. Qf2 Qe7 27.
Rxh5 Rxh5 28. Nxf7 Rf5 29. Nd6 Rf8 30. Qc5 Qd8 31. Qb5 Qe7 32. Qc5 Qd8 33. Nb5
Qb6 34. Nd4 Qxc5 35. Rxc5 Ne3 36. Rc1 Ng4 37. Re1 Re8 38. Re4 Nh6 39. Rf4 Kc8
40. Kf2 Kd7 41. Kf3 Re7 42. Rf6 Nf7 43. Kf4 Nd8 44. g4 Rg7 45. g5 Ke7 46. g6
Rg8 47. Kg5 Rh8 48. g7 Rh2 49. g4 1-0

[Event "Open adultes Yves Coquereau  Saint-Lô"]
[Site "?"]
[Date "2013.07.10"]
[Round "5.2"]
[White "Smith, Matthieu"]
[Black "Chaplain, Fabrice"]
[Result "1/2-1/2"]
[WhiteElo "2103"]
[BlackElo "2115"]
[PlyCount "150"]
[SourceDate "2013.07.07"]

1. d4 Nf6 2. Nf3 g6 3. g3 Bg7 4. Bg2 O-O 5. O-O d6 6. c4 c6 7. Nc3 Qa5 8. e4 e5
9. h3 exd4 10. Nxd4 Nbd7 11. Nde2 Nb6 12. b3 Rd8 13. Bd2 Qe5 14. Bf4 Qe7 15.
Qd2 Be6 16. Rad1 d5 17. cxd5 cxd5 18. e5 Ne4 19. Nxe4 dxe4 20. Qe3 Nd5 21. Qxe4
Bf5 22. Qf3 Nb4 23. Qxb7 Qxb7 24. Bxb7 Bxh3 25. Bxa8 Rxa8 26. Nc1 Bxf1 27. Kxf1
Nc6 28. Rd5 Kf8 29. Nd3 h6 30. Be3 Rc8 31. f4 Ke7 32. Ke2 Rc7 33. Kf3 h5 34.
Bc5+ Ke6 35. Rd6+ Kf5 36. Be3 g5 37. fxg5 Nxe5+ 38. Nxe5 Bxe5 39. Rd5 Rc3 40.
Ra5 a6 41. Ke2 Ke4 42. Ra4+ Kf5 43. Kd2 Rc6 44. Bf4 Bc3+ 45. Kd3 Be1 46. Ke2
Re6+ 47. Kf3 Rc6 48. Rc4 Rxc4 49. bxc4 Bb4 50. Be3 Ke5 51. g4 hxg4+ 52. Kxg4
Be7 53. Bb6 f5+ 54. Kh5 f4 55. g6 Bf8 56. c5 f3 57. c6 Ke6 58. Kg4 Kd6 59. Bc5+
Kxc6 60. Bd4 Kd5 61. Bf2 Kc4 62. Kg3 Bg7 63. a4 Be5+ 64. Kg4 Bg7 65. a5 Bf6 66.
Kh5 Kd3 67. Kh6 Ke2 68. Bb6 f2 69. Bxf2 Kxf2 70. g7 Bxg7+ 71. Kxg7 Ke3 72. Kf6
Kd4 73. Kf5 Kc5 74. Ke4 Kb5 75. Kd3 Kxa5 1/2-1/2

[Event "Open adultes Yves Coquereau Saint-Lô"]
[Site "?"]
[Date "2013.07.10"]
[Round "5.3"]
[White "Veron, Cyprien"]
[Black "Guerlach, Frédéric"]
[Result "1-0"]
[WhiteElo "2076"]
[BlackElo "2040"]
[PlyCount "99"]
[SourceDate "2013.07.07"]

1. Nf3 d5 2. c4 e6 3. e3 c6 4. Nc3 Nf6 5. d4 Nbd7 6. Qc2 Bd6 7. g4 dxc4 8. g5
Nd5 9. Bxc4 Qe7 10. Bd2 N5b6 11. Bd3 e5 12. O-O-O exd4 13. exd4 Nf8 14. Rhe1
Be6 15. a4 Qc7 16. a5 Nd5 17. Nxd5 cxd5 18. Qxc7 Bxc7 19. Bb5+ Kd8 20. Ne5 Bd6
21. f4 Bxe5 22. dxe5 Ng6 23. Rf1 Bg4 24. Rde1 Rc8+ 25. Kb1 Bf5+ 26. Ka1 Ke7 27.
Bc3 Ke6 28. Rd1 h6 29. gxh6 Rxh6 30. Rf2 Rh4 31. Rg1 Rch8 32. Rgg2 Rxf4 33.
Rxg6+ Bxg6 34. Rxf4 Rxh2 35. Ka2 Rh8 36. Be2 Be4 37. Bg4+ Ke7 38. Bb4+ Ke8 39.
Bc5 g5 40. Rf6 Rh4 41. Bc8 b6 42. axb6 axb6 43. Bxb6 d4 44. Ba6 d3 45. Bb5+ Kf8
46. Rd6 Rh3 47. Bd8 f5 48. exf6 g4 49. Be7+ Kg8 50. Bd7 1-0

[Event "Open adultes Yves Coquereau Saint-Lô"]
[Site "?"]
[Date "2013.07.10"]
[Round "5.4"]
[White "Ledoux, Jean-Luc"]
[Black "Maugendre, Maxime"]
[Result "1-0"]
[WhiteElo "2055"]
[BlackElo "1674"]
[PlyCount "77"]
[SourceDate "2013.07.07"]

1. d4 d5 2. c4 e6 3. Nf3 Nf6 4. Nc3 c6 5. e3 Be7 6. Bd3 O-O 7. O-O Nbd7 8. Qe2
Re8 9. b3 Nf8 10. Bb2 N6d7 11. e4 dxe4 12. Bxe4 Nf6 13. Bc2 Ng6 14. Rad1 Qc7
15. Ne5 Bd6 16. f4 a6 17. Ne4 Nxe4 18. Qxe4 c5 19. Kh1 cxd4 20. Nxg6 hxg6 21.
Qxd4 Bf8 22. Be4 e5 23. fxe5 Be6 24. Bd5 Rad8 25. Qf4 b5 26. Bxe6 fxe6 27. Rc1
Qa7 28. Qg4 Bc5 29. Qxg6 Re7 30. Rcd1 Rb8 31. Rd3 Be3 32. Qg3 Bh6 33. Qg4 bxc4
34. Qxc4 Rf8 35. Rxf8+ Kxf8 36. Rd8+ Kf7 37. Qf1+ Kg6 38. Qd3+ Kf7 39. Ba3 1-0

[Event "Open adultes Yves Coquereau Saint-Lô"]
[Site "?"]
[Date "2013.07.10"]
[Round "5.5"]
[White "Busson, Didier"]
[Black "Benard, Anne-Laurie"]
[Result "0-1"]
[WhiteElo "1814"]
[BlackElo "1925"]
[PlyCount "44"]
[SourceDate "2013.07.07"]

1. e4 c5 2. c3 g6 3. g3 d5 4. e5 Nc6 5. f4 f6 6. Bb5 Bg7 7. Bxc6+ bxc6 8. d4
cxd4 9. Qa4 Qb6 10. Qxd4 fxe5 11. fxe5 Nh6 12. Bxh6 Bxh6 13. Qxb6 axb6 14. Nd2
O-O 15. Ne2 Rf5 16. g4 Rxe5 17. Nf3 Re3 18. g5 Rxf3 19. gxh6 Rh3 20. Nd4 Bb7
21. Kd2 e5 22. Nf5 Rf8 0-1

[Event "Open adultes Yves Coquereau Saint-Lô"]
[Site "?"]
[Date "2013.07.11"]
[Round "6.1"]
[White "Veron, Cyprien"]
[Black "Burg, Brent"]
[Result "0-1"]
[WhiteElo "2076"]
[BlackElo "2205"]
[PlyCount "74"]
[EventDate "2013.??.??"]
[SourceDate "2013.07.07"]

1. Nf3 d6 2. d4 f5 3. b3 g6 4. Bb2 Bg7 5. g3 Nf6 6. Bg2 O-O 7. O-O Qe8 8. Nbd2
h6 9. h4 c6 10. Re1 Qf7 11. e4 f4 12. e5 Nh5 13. exd6 exd6 14. Kh2 Bg4 15. Ne5
fxg3+ 16. fxg3 Bxe5 17. Qxg4 Bxg3+ 18. Kh1 Bxe1 19. Rxe1 Qf5 20. Qxf5 Ng3+ 21.
Kg1 Nxf5 22. d5 c5 23. Re6 Nd7 24. Rxg6+ Kf7 25. h5 Rg8 26. Be4 Ne7 27. Nc4
Nxg6 28. Nxd6+ Ke7 29. Nf5+ Kf8 30. hxg6 Rxg6+ 31. Kh2 Rg5 32. Bc1 Rh5+ 33. Kg3
Nf6 34. Bd3 Nxd5 35. Bxh6+ Kf7 36. Kg4 Nf6+ 37. Kf4 Kg6 0-1

[Event "Open adultes Yves Coquereau Saint-Lô"]
[Site "?"]
[Date "2013.07.11"]
[Round "6.2"]
[White "Ledoux, Jean-Luc"]
[Black "Chaplain, Fabrice"]
[Result "1/2-1/2"]
[WhiteElo "2055"]
[BlackElo "2115"]
[PlyCount "50"]
[EventDate "2013.??.??"]
[SourceDate "2013.07.07"]

1. d4 Nf6 2. c4 g6 3. Nc3 Bg7 4. e4 d6 5. Nf3 Na6 6. h3 O-O 7. Bg5 h6 8. Be3 e5
9. d5 Nc5 10. Nd2 a5 11. Be2 Nfd7 12. g4 Qe7 13. Nb3 b6 14. Nxc5 Nxc5 15. Qd2
Kh7 16. O-O-O Nxe4 17. Nxe4 f5 18. Qc2 fxe4 19. Qxe4 Qf6 20. Rdg1 Bh8 21. Bd3
Bf5 22. gxf5 gxf5 23. Qxf5+ Qxf5 24. Bxf5+ Rxf5 25. Rg3 Rg8 1/2-1/2